Normal view
MARC view
- Greenlaw, Raymond Hepp, Ellen
Entry Personal Name
001 - CONTROL NUMBER
- control field: 80283
003 - CONTROL NUMBER IDENTIFIER
- control field: NUST
005 - DATE AND TIME OF LATEST TRANSACTION
- control field: 20210628210632.0
008 - FIXED-LENGTH DATA ELEMENTS
- fixed length control field: 210628|| aca||aabn | a|a d
040 ## - CATALOGING SOURCE
- Original cataloging agency: NUST
- Transcribing agency: NUST
100 ## - HEADING--PERSONAL NAME
- Personal name: Greenlaw, Raymond Hepp, Ellen
670 ## - SOURCE DATA FOUND
- Source citation: Work cat.: (NUST): Greenlaw, Raymond Hepp, Ellen, In-line on-line fundamentals of the internet and the world wide web, 1999
